Normal view MARC view
  • P.C. Tripathi C.B. Gupta. N.D. Kapoor

Entry Personal Name

Number of records used in: 2

001 - CONTROL NUMBER

  • control field: 549

003 - CONTROL NUMBER IDENTIFIER

  • control field: OSt

005 - DATE AND TIME OF LATEST TRANSACTION

  • control field: 20160513111742.0

008 - FIXED-LENGTH DATA ELEMENTS

  • fixed length control field: 160513|| aca||aabn | a|a d

040 ## - CATALOGING SOURCE

  • Original cataloging agency: OSt
  • Transcribing agency: OSt

100 ## - HEADING--PERSONAL NAME

  • Personal name: P.C. Tripathi C.B. Gupta. N.D. Kapoor

670 ## - SOURCE DATA FOUND

  • Source citation: Work cat.: (OSt): P.C. Tripathi C.B. Gupta. N.D. Kapoor, Industrial Relations and labour laws, 2009